000 01080nam a2200313 a 4500
001 000009447
003 DO-SdBNP
005 20170927120625.0
007 000009447
008 090930s1994 dr 001 0 spa d
040 _aBPMSU
_bspa
_cBPMSU
082 4 _aRD861.44
_bR918m
100 1 _aRueda, Manuel,
_d1921-1999
245 1 0 _aMateria del amor /
_cManuel Rueda ; selección y prólogo de José Alcantara Almanzar
260 _aSanto Domingo :
_bBiblioteca Dominicana Básica :
_bPlan Decenal de Educación
_c1994
300 _axxxiii, 274 p. :
_c19 cm.
490 1 _aBiblioteca dominicana básica
_v2
650 4 _aRUEDA, MANUEL,
_d1921-1999
_xCRÍTICA E INTERPRETACIÓN
650 4 _aPOESÍA DOMINICANA
650 4 _aLITERATURA DOMINICANA
700 1 _aAlcantara Almanzar, José
_epról.
700 1 _aSuárez, Frank
_eil.
700 1 _aAybar Sánchez, José Andrés
830 0 _aBiblioteca dominicana básica
_v2
910 _aValidado. Control de calidad BNPHU
942 _2ddc
_cBK
945 _a Inventariado / 2017 VM
956 _aVMATEO
_b10
_c20150907
_lBPMSU
_h00151
999 _c7460
_d7460